Harry Potter Quiz - Statistics

General Stats
  • This quiz has been taken 1,340 times
  • The average score is 23 of 39
Answer Stats
Hint Answer % Correct
Year the first book takes place in 1991
84%
Who killed Bellatrix Lestrange? Molly Weasley
84%
Which house was Luna Lovegood in? Ravenclaw
82%
Which House won the House Cup in the first book? Gryffindor
80%
After taking the polyjuice potion, who did Ron transform into? (2nd book) Crabbe
77%
Who kidnapped Madeye and disguised himself? Barty Crouch Jr
76%
Who is Bellatrix Lestrange's sister? Narcissa Malfoy
76%
Who was Cedric's hostage in the second task of the Triwizard Tournament? Cho Chang
75%
And who was the intended destination of that item? Dumbledore
74%
Which item does Dumbledore bequeath to Ron? Deluminator
71%
Which subject does Hagrid teach? Care of Magical Creatures
70%
Who died in the Battle of the Department of Mysteries? Sirius
70%
The other Alley (not Diagon) Knockturn
69%
In which dangerous tree do Harry and Ron land in the 2nd book? Whomping Willow
68%
Mr Weasley's car brand Ford Anglia
66%
Magical neighbour of Harry in Surrey Mrs Figg
66%
And who was Harry's date to that ball? Parvati Patil
65%
Complete the quote: 'Lily? After all this time? __________' Always
64%
Which is the creature Lupin doesn't let Harry face in his class? Boggart
64%
(In the film) Which spell did Hermione use with her parents when she departs to find the Horcruxes? Obliviate
64%
Which two teams played the Quidditch World Cup final? Bulgaria and Ireland
62%
Name of the magical hospital St Mungo
59%
What happenned to Neville in the end? (Epilogue of the 7th book) He became Herbology Professor at Hogwarts
58%
How do the Beauxbatons students arrive to Hogwarts? In flying carriages
58%
And who set that chess board? McGonagall
55%
What chess piece did Hermione play on the giant wizard chess? Queen
55%
What's the name of Tonks' mother? Andromeda
54%
Caretaker of the Riddle House Frank Bryce
53%
Shop in that Alley Borgin and Burkes
52%
Who was killed by Antonin Dolohov in the Battle of Hogwarts? Lupin
52%
Which Prime Minister gives Harry, Ron and Hermione Dumbledore's bequest? Scrimgeour
48%
How did James Potter call Snape when they were in Hogwarts? Snivelly
46%
What are the books' last words ever? All was well
42%
Who did Malfoy marry? Astoria Greengrass
39%
Title of the book written by Rita Skeeter about Dumbledore The Life and Lies of Albus Dumbledore
24%
Which students were allowed to attend the Yule Ball (4th book)? Fourth year and above
20%
Which cursed item was given to Katie Bell? Opal necklace
11%
Which spell forces your legs to start dancing uncontrollably? Tarantallegra
11%
How does Peeves call Dumbledore? Professorhead
3%
No matching quizzes found
Score Distribution
Percent of People with Each Score
Percentile by Number Answered
Your Score History
You have not taken this quiz